Letters on the land question of Ireland (Record no. 113956)
[ view plain ]
| 000 -LEADER | |
|---|---|
| fixed length control field | 00635cam a22001935a 4500 |
| 001 - CONTROL NUMBER | |
| control field | L155976 |
| 008 - FIXED-LENGTH DATA ELEMENTS--GENERAL INFORMATION | |
| fixed length control field | 120424s1870 xxk f 000 0 eng d |
| 035 ## - SYSTEM CONTROL NUMBER | |
| System control number | (Sirsi) u155976 |
| 041 0# - LANGUAGE CODE | |
| Language code of text/sound track or separate title | eng |
| 100 1# - MAIN ENTRY--PERSONAL NAME | |
| Personal name | Morris, William O'Connor |
| Dates associated with a name | 1824-1904 |
| 245 00 - TITLE STATEMENT | |
| Title | Letters on the land question of Ireland |
| 260 ## - PUBLICATION, DISTRIBUTION, ETC. | |
| Place of publication, distribution, etc. | London |
| Name of publisher, distributor, etc. | Longmans, Green |
| Date of publication, distribution, etc. | 1870 |
| 300 ## - PHYSICAL DESCRIPTION | |
| Extent | xvii, 348 p. |
| Other physical details | front. (fold. map.) |
| Dimensions | 20 cm. |
| 520 ## - SUMMARY, ETC. | |
| Summary, etc. | Written for the 'Times,' "and published from time to time in that journal." |
| 583 ## - ACTION NOTE | |
| Action | Condition reviewed |
| Time/date of action | 20120620 |
| Status | condition level 1 |
| 651 #4 - SUBJECT ADDED ENTRY--GEOGRAPHIC NAME | |
| Geographic name | Ireland (Island of) |
| 690 ## - LOCAL SUBJECT ADDED ENTRY--TOPICAL TERM (OCLC, RLIN) | |
| Topical term or geographic name as entry element | Land use |
| 9 (RLIN) | 6251 |
| 942 ## - ADDED ENTRY ELEMENTS (KOHA) | |
| Suppress in OPAC | 0 |
| Withdrawn status | Lost status | Damaged status | Not for loan | Home library | Current library | Shelving location | Date acquired | Total Checkouts | Full call number | Barcode | Date last seen | Copy number | Price effective from | Koha item type |
|---|---|---|---|---|---|---|---|---|---|---|---|---|---|---|
| Historic collection | Historic collection | Historic collection | 24/04/2012 | REGIONAL OCTAVO 1870 MORRIS | 30077851 | 26/08/2025 | 1 | 06/08/2019 | Book |